| 000 | 00557nam a22001937a 4500 | ||
|---|---|---|---|
| 005 | 20250731150059.0 | ||
| 008 | 250731b |||||||| |||| 00| 0 eng d | ||
| 020 | _a978-1-4051-3961-8 | ||
| 082 |
_a617.695 _bMCC-A |
||
| 100 | _aMcCade, John F. | ||
| 245 |
_aApplied Dental Materials / _cby John F.McCabe , By Angus W.G.Walls |
||
| 250 | _a15th ed. | ||
| 260 |
_aChina : _bBlackwell ; _c2022 . |
||
| 300 |
_aviii , 303 p. : _bill ; _c24.5 cm . |
||
| 500 | _aInclude Index. | ||
| 650 | _aMedical / Dentistry | ||
| 700 | _aAngus W.G.Walls | ||
| 999 |
_c37003 _d37003 |
||